| 000 | 01092nam a2200253 i 4500 | ||
|---|---|---|---|
| 001 | bg | ||
| 003 | BPK | ||
| 005 | 20210923144711.0 | ||
| 008 | s1992 pl f |100 0 pol | ||
| 040 | _cBPK | ||
| 080 | _a621 | ||
| 080 | _a(06) | ||
| 245 | 0 | 0 |
_aMetrologiczne problemy w technikach wytwrzania : _bmateriały konferncyjne : Koszalin-Mielno'91, 23-26 maja 1991 r. / _c[red. Bronisław Słowiński] ; Wyższa Szkoła Inżynierska w Koszalinie ; Centrum Uczelniano-Przemysłowe Metrologii i Systemów Pomiarowych Politechniki Warszawskiej. |
| 260 |
_aKoszalin : _bWydawnictwo Uczelniane WSI, _c1992. |
||
| 300 |
_a196 s. : _b2 fot., rys., wykr. ; _c24 cm. |
||
| 504 | _aBibliogr. przy ref. | ||
| 650 | 4 |
_aMaszyny _xtechnologia _xpomiary. |
|
| 650 | 4 |
_aPowierzchnia _xtechnika _xpomiary |
|
| 650 | 4 | _aPrzyrządy pomiarowe | |
| 655 | 4 | _aMateriały konferencyjne | |
| 710 | 2 |
_aWydawnictwo Uczelniane (Wyższa Szkoła Inżynierska ; Koszalin) _bWydawnictwo Uczelniane. _4pbl. |
|
| 700 | 1 |
_aSłowiński, Bronisław _eRedakcja |
|
| 942 |
_cKS _2UKD |
||
| 999 |
_c30155 _d30155 |
||